A sangre fría / (Registro nro. 70785)

Detalles MARC
000 -CABECERA
campo de control de longitud fija 00613cam a22002412u 4500
001 - NÚMERO DE CONTROL
campo de control LIBRI-019412
003 - IDENTIFICADOR DEL NÚMERO DE CONTROL
campo de control AR-CrUNPB
007 - CAMPO FIJO DE DESCRIPCIÓN FÍSICA--INFORMACIÓN GENERAL
campo de control de longitud fija ta
008 - DATOS DE LONGITUD FIJA--INFORMACIÓN GENERAL
campo de control de longitud fija 170901s1979 sp r 000 0 spa d
040 ## - FUENTE DE LA CATALOGACIÓN
Centro catalogador/agencia de origen AR-CrUNPB
082 0# - NÚMERO DE LA CLASIFICACIÓN DECIMAL DEWEY
Número de clasificación 813.5/C.11-2
Número de edición 20
100 1# - ENTRADA PRINCIPAL--NOMBRE DE PERSONA
Nombre de persona Capote, Truman
245 12 - MENCIÓN DE TÍTULO
Título A sangre fría /
Mención de responsabilidad, etc. Truman Capote
255 ## - DATOS MATEMÁTICOS CARTOGRÁFICOS
Mención de escala .5
260 ## - PUBLICACIÓN, DISTRIBUCIÓN, ETC. (PIE DE IMPRENTA)
Lugar de publicación, distribución, etc. Barcelona :
Nombre del editor, distribuidor, etc. Bruguera,
Fecha de publicación, distribución, etc. 1979
300 ## - DESCRIPCIÓN FÍSICA
Extensión 444 p
490 0# - MENCIÓN DE SERIE
Mención de serie Club Bruguera ;
Designación de volumen o secuencia 1
590 ## - NOTA LOCAL (RLIN)
Nota local Registros migrados a formato MARC
650 #4 - PUNTO DE ACCESO ADICIONAL DE MATERIA--TÉRMINO DE MATERIA
Término de materia o nombre geográfico como elemento inicial LITERATURA NORTEAMERICANA
9 (RLIN) 54
700 1# - PUNTO DE ACCESO ADICIONAL--NOMBRE DE PERSONA
Nombre de persona Rodríguez, Fernando
Término indicativo de función/relación tr
942 ## - ELEMENTOS DE PUNTO DE ACCESO ADICIONAL (KOHA)
Tipo de ítem Koha Libros
910 ## - Autoría del registro
Catalogador/fecha ms041102
Existencias
Estado de retiro Estado de pérdida Estado dañado No para préstamo Localización permanente Ubicación/localización actual Fecha de adquisición Total de préstamos Renovaciones totales Signatura topográfica completa Código de barras Fecha visto por última vez Fecha del último préstamo Precio válido a partir de Tipo de ítem Koha
En estantería Presente   Para el préstamo Com. Rivadavia: Biblioteca Central "Dr. Eduardo Musacchio" Com. Rivadavia: Biblioteca Central "Dr. Eduardo Musacchio" 27/09/2017 3 3 813.5/C.11-2 CEC02905 27/05/2025 07/05/2025 27/09/2017 Libros

Con tecnología Koha